LDR 00818naa#a2200229#i#450# 001 EN\\bibl\125697 005 20260630033917.2 011 ## _a2077-7566 100 ## _a20260629b2026####ek#y0engy0150####ca 101 0# _aRUS 102 ## _aRU 200 1# _aPROCESSING METHODS FOR THREE-DIMENSIONALLY PRINTED SURGICAL GUIDES IN DENTISTRY: A SYSTEMATIZED REVIEW _eJournal article 210 1# _aEkaterinburg _cTIRAZH Publishing House _d2026 215 ## _a12 с. 608 ## _aJournal article _2local 675 ## _aСтоматология. Заболевания ротовой полости и зубов. 616.31 _zRUS 700 #1 _aMamedov _gSakit K. ogly 700 #1 _aMuraev _gAleksandr Aleksandrovich 700 #1 _aGuseynov _gNidjat Aydin ogli 700 #1 _aErtuvkhanov _gMarat Z. 700 #1 _aNoskov _gMikhail F. 856 4# _adental-press.ru _u